000 00602cam a2200205 4500500
005 20260329003022.0
041 _afre
042 _adc
100 1 0 _aRogé, Antoine
_eauthor
245 0 0 _aMatière à penser / Juillet-août 2014
260 _c2014.
500 _a53
690 _aFoot
690 _aHergé
690 _aPablo Iglesias Turrión
690 _aPierre Hassner
690 _aSmic
786 0 _nPhilosophie magazine | 81 | 7 | 2014-07-01 | p. 14-14 | 1951-1787
856 4 1 _uhttps://shs.cairn.info/magazine-philosophie-magazine-2014-7-page-14?lang=fr&redirect-ssocas=7080
999 _c1820569
_d1820569